Appeal & Revision (Record no. 9587)

MARC details
000 -LEADER
fixed length control field 00412nam a22001697a 4500
005 - DATE AND TIME OF LATEST TRANSACTION
control field 20260402122646.0
008 - FIXED-LENGTH DATA ELEMENTS--GENERAL INFORMATION
fixed length control field 260402b |||||||| |||| 00| 0 eng d
020 ## - INTERNATIONAL STANDARD BOOK NUMBER
International Standard Book Number 9789385114571
041 ## - LANGUAGE CODE
Language English
082 ## - DEWEY DECIMAL CLASSIFICATION NUMBER
Classification number 347.077 JOS
100 ## - MAIN ENTRY--PERSONAL NAME
Main Author Name Joshi, Nayan
245 ## - TITLE STATEMENT
Title Appeal & Revision
260 ## - PUBLICATION, DISTRIBUTION, ETC.
Place of publication New Delhi :
publisher Name Kamal Publishers,
Date of publication 2018.
300 ## - PHYSICAL DESCRIPTION
Number Of Page 444 p
650 ## - SUBJECT ADDED ENTRY--TOPICAL TERM
Keyword Appeal : Revision
942 ## - ADDED ENTRY ELEMENTS (KOHA)
Koha item type Donated Book
Holdings
Lost status Source of classification or shelving scheme Not for loan Home library Current library Date last seen Koha item type School Total Checkouts Full call number Barcode Copy number Price effective from Withdrawn status Date acquired Source of acquisition Cost, normal purchase price
  Dewey Decimal Classification   BSOL BSOL 02/04/2026 Donated Book School of Law   347.077 JOS G735 1 02/04/2026   02/04/2026 prithivi Raj 395.00

Maintained and Designed by
2cqr automation private limited, Chennai. All Rights Reserved.

You are Visitor Number

PHP Hits Count